000 00550nam a2200181Ia 4500
008 220531s9999 xx 000 0 und d
041 _amar
082 _bNAV
100 _aनवसागर, सु. भा.
_978486
245 _aबौद्ध तत्वज्ञान आणि महात्मा जोतीराव फुले
250 _a1ST
260 _aAurangabad
_bAjintha
_c2017
300 _a261
542 _d05-06-2018
650 _aBoudha Tatwadnyan
_978487
906 _d2018-2019
_f12987
999 _c43486
_d43486